000
00475nam a2200133Ia 4500
008
100328s9999 xx 000 0 und d
082
_b
72603
100
_a
एकसंबेकर सुहास-संपा.
245
_a
कविता कोल्हापूरची
260
_b
लोकवाङ्मयगृह
630
_a
कविता कोल्हापूरची
730
_a
कविता कोल्हापूरची
942
_c
BOOK
999
_c
558324
_d
558321